000 00371nam a2200145Ia 4500
008 230711s9999||||xx |||||||||||||| ||und||
041 _aENG
082 _a720
_bSU-L
100 _aSutherland,Martha
245 0 _aLettering for architects and designers
250 _a2nd Ed.
260 _c1989
_aNew York
_bVan Nostrand Reinhold Co.
650 _aArchitecture
942 _cBK
999 _c2208
_d2208